000 00670nam a2200253Ia 4500
003 OSt
005 20220924144659.0
006 a|||||r|||| 00| 0
007 ta
008 220923b |||||||| |||| 00| 0 urd d
020 _a8188298018 (hbk)
020 _c250
024 _a317116
037 _cTextual
040 _aARTS
_cARTS
_burd
041 _2urd
_aurd
082 _aO168,1NSH:g, P5
100 _aNand Kishore Vikram Ed.
_9218162
245 0 _aShabab Lalit
_b Shakhsiat aur adabi khidmaat
260 _c2005
650 _aURDU POETRY
942 _hO168,1NSH:g, P5
_cTEXL
_2CC
999 _c457887
_d457887